| 000 | 01068nam2a22002411 4500 | ||
|---|---|---|---|
| 001 | v19\rc\1889207 | ||
| 005 | 20250619171828.0 | ||
| 035 | _a(NLR Aleph) 004977018 | ||
| 090 |
_a6145092 _c6145092 |
||
| 100 | _a20080221f19101919|||y0rusy50 ca | ||
| 101 | 0 | _arus | |
| 102 | _aRU | ||
| 105 | _ay z ||||| | ||
| 200 | 0 |
_aЧ. 2 _eДля классов 5-го, 6-го, 7-го и 8-го |
|
| 210 |
_d[191-?] _aБ. м. |
||
| 215 | _a193 с. | ||
| 461 | 0 |
_1001v19\rc\1889205 _12001#$aСборник алгебраических задач$fСост. Н.А. Шапошников и Н.К. Вальцев. Ч. 1-$vЧ. 2 _1700#1$aШапошников$bН.А.$gНиколай Александрович$4220 _96145077 _aШапошников, Н.А. _cКоломеа _d191? _fСост. Н.А. Шапошников и Н.К. Вальцев. Ч. 1- _nЯ. Оренштейн _tСборник алгебраических задач _vЧ. 2 |
|
| 801 | 0 |
_aRU _bNLR _gpsbo |
|
| 801 | 0 |
_aRU _bRuMoRGB _2psbo |
|
| 801 | 1 |
_aRU _bProSoft-M _2rusmarc |
|
| 852 |
_aNLR _j67-3/3253 |
||
| 942 | _cBOOK | ||
| 980 | _aNB | ||